[Event "Magistral Femenino Benasque"]
[Site "Benasque ESP"]
[Date "2005.07.06"]
[Round "1.1"]
[White "Kononenko, Tatiana"]
[Black "Cosma, Elena Luminita"]
[Result "1/2-1/2"]
[WhiteElo "2442"]
[BlackElo "2365"]
[PlyCount "52"]
[EventDate "2005.07.06"]
[EventType "tourn"]
[EventRounds "9"]
[EventCountry "ESP"]
[Source "lmi"]
[SourceDate "2005.07.13"]

1. d4 d5 2. c4 c6 3. Nf3 Nf6 4. e3 e6 5. Nc3 Nbd7 6. Qc2 Bd6 7. Bd3 O-O 8. O-O
dxc4 9. Bxc4 a6 10. Rd1 b5 11. Be2 Qc7 12. e4 e5 13. g3 Re8 14. dxe5 Nxe5 15.
Bg5 Nxf3+ 16. Bxf3 Bg4 17. Bxg4 Nxg4 18. Qe2 Ne5 19. Rac1 h6 20. Be3 Nc4 21.
Bd4 Be5 22. b3 Bxd4 23. Rxd4 Ne5 24. Kg2 Rad8 25. Rcd1 Rxd4 26. Rxd4 Rd8
1/2-1/2

[Event "Magistral Femenino Benasque"]
[Site "Benasque ESP"]
[Date "2005.07.06"]
[Round "1.2"]
[White "Repkova, Eva"]
[Black "Peptan, Corina"]
[Result "1-0"]
[WhiteElo "2348"]
[BlackElo "2411"]
[PlyCount "107"]
[EventDate "2005.07.06"]
[EventType "tourn"]
[EventRounds "9"]
[EventCountry "ESP"]
[Source "lmi"]
[SourceDate "2005.07.13"]

1. e4 c5 2. Nf3 e6 3. b3 b6 4. Bb2 Bb7 5. Nc3 Nc6 6. e5 Nge7 7. Ne4 Nf5 8. Bd3
Be7 9. Qe2 h5 10. Ng3 g6 11. Ne4 Ncd4 12. Nxd4 cxd4 13. O-O-O Qc7 14. Ng3 Rc8
15. Nxf5 gxf5 16. Bxd4 Bxg2 17. Rhg1 Qc6 18. Rde1 h4 19. h3 Qf3 20. Qxf3 Bxf3
21. Ba6 Rc7 22. Re3 Be4 23. Rc3 Rxc3 24. Bxc3 Bc5 25. d4 Ba3+ 26. Kd2 Bf8 27.
Bd3 Bh6+ 28. Ke2 Bxd3+ 29. Kxd3 a5 30. a4 Bf8 31. Kc4 Kd8 32. Kb5 Kc7 33. Bd2
Ba3 34. Rg7 Rf8 35. Rh7 Bb2 36. Rxh4 Rg8 37. Be3 Rg6 38. Rh7 f4 39. Bxf4 Bxd4
40. Rxf7 Bxf2 41. h4 Rg4 42. h5 Bg3 43. Be3 Rb4+ 44. Ka6 Bxe5 45. h6 Kc6 46. h7
b5 47. Bd2 Rh4 48. axb5+ Kc5 49. Rxd7 a4 50. Be3+ Kb4 51. bxa4 Kxa4 52. Bc5 Rh1
53. Kb6 Rb1 54. Ra7# 1-0

[Event "Magistral Femenino Benasque"]
[Site "Benasque ESP"]
[Date "2005.07.06"]
[Round "1.3"]
[White "Djingarova, Emilia"]
[Black "Arribas, Maritza"]
[Result "1/2-1/2"]
[WhiteElo "2277"]
[BlackElo "2303"]
[PlyCount "75"]
[EventDate "2005.07.06"]
[EventType "tourn"]
[EventRounds "9"]
[EventCountry "ESP"]
[Source "lmi"]
[SourceDate "2005.07.13"]

1. e4 e6 2. d4 d5 3. Nd2 dxe4 4. Nxe4 Be7 5. Nf3 Nf6 6. Bd3 Nxe4 7. Bxe4 Nd7 8.
c3 c5 9. O-O cxd4 10. Nxd4 Nc5 11. Bc2 e5 12. Nf5 Qxd1 13. Rxd1 Bxf5 14. Bxf5
O-O 15. Be3 Rfd8 16. Bc2 b6 17. a4 f5 18. Bxc5 Bxc5 19. b4 Be7 20. Bxf5 Kf7 21.
Kf1 g6 22. Bd7 a5 23. bxa5 Rxa5 24. Bb5 Ra7 25. Rxd8 Bxd8 26. Rd1 Be7 27. Ke2
Ke6 28. f3 Rc7 29. Kd3 Bd6 30. c4 Rc8 31. Ke4 Rf8 32. g3 Rc8 33. Rd2 Rc7 34.
Ra2 Bb4 35. Rb2 Bc5 36. Rd2 Bd4 37. Ba6 Ra7 38. Bb5 1/2-1/2

[Event "Magistral Femenino Benasque"]
[Site "Benasque ESP"]
[Date "2005.07.06"]
[Round "1.4"]
[White "Bellin, Jana"]
[Black "Vega Gutierrez, Sabrina Neide"]
[Result "1/2-1/2"]
[WhiteElo "2169"]
[BlackElo "2262"]
[PlyCount "32"]
[EventDate "2005.07.06"]
[EventType "tourn"]
[EventRounds "9"]
[EventCountry "ESP"]
[Source "lmi"]
[SourceDate "2005.07.13"]

1. d4 d5 2. c4 e6 3. cxd5 exd5 4. Nc3 c6 5. Nf3 Bd6 6. Bg5 f6 7. Bh4 Ne7 8. Bg3
O-O 9. e3 Re8 10. Bd3 Bf5 11. Nh4 Bxd3 12. Qxd3 Na6 13. a3 Nc7 14. Nf5 Nxf5 15.
Qxf5 a6 16. O-O Bxg3 1/2-1/2

[Event "Magistral Femenino Benasque"]
[Site "Benasque ESP"]
[Date "2005.07.06"]
[Round "1.5"]
[White "Lujan, Maria Carolina"]
[Black "Collas, Silvia"]
[Result "0-1"]
[WhiteElo "2323"]
[BlackElo "2372"]
[PlyCount "98"]
[EventDate "2005.07.06"]
[EventType "tourn"]
[EventRounds "9"]
[EventCountry "ESP"]
[Source "lmi"]
[SourceDate "2005.07.13"]

1. e4 c5 2. Nf3 e6 3. d4 cxd4 4. Nxd4 Nf6 5. Nc3 d6 6. g3 Be7 7. Bg2 O-O 8. O-O
a6 9. a4 Qc7 10. Nb3 Nc6 11. a5 Nd7 12. f4 b5 13. Be3 Bb7 14. f5 Bf6 15. fxe6
fxe6 16. Qg4 Rae8 17. Rad1 Nde5 18. Qh3 Nc4 19. Bf4 b4 20. Na4 e5 21. Bc1 Nd4
22. Nxd4 exd4 23. Qh5 Qxa5 24. Qxa5 Nxa5 25. Bd2 Nc4 26. Bxb4 Ne3 27. Bxd6 Rf7
28. Nc5 Nxd1 29. Rxd1 Bg5 30. Bf1 Be3+ 31. Kh1 Bc6 32. h3 Rf3 33. Bc4+ Kh8 34.
Bf4 Bxf4 35. gxf4 Bxe4 36. Kh2 Rxf4 37. Ne6 Rf2+ 38. Kg3 Rg2+ 39. Kf4 Bxc2 40.
Rxd4 h6 41. b3 Rg6 42. Nc7 Rf6+ 43. Kg3 Re3+ 44. Kh2 Rff3 45. Rd8+ Kh7 46. Bg8+
Kg6 47. Rd6+ Kh5 48. Be6 Bf5 49. Rd5 g6 0-1

[Event "Magistral Femenino Benasque"]
[Site "Benasque ESP"]
[Date "2005.07.07"]
[Round "2.2"]
[White "Vega Gutierrez, Sabrina Neide"]
[Black "Lujan, Maria Carolina"]
[Result "0-1"]
[WhiteElo "2262"]
[BlackElo "2323"]
[PlyCount "78"]
[EventDate "2005.07.06"]
[EventType "tourn"]
[EventRounds "9"]
[EventCountry "ESP"]
[Source "lmi"]
[SourceDate "2005.07.13"]

1. e4 c5 2. Nf3 e6 3. d4 cxd4 4. Nxd4 a6 5. Bd3 g6 6. Be3 Bg7 7. Nc3 Ne7 8. Nb3
d5 9. Na4 Nd7 10. O-O O-O 11. Qe1 b6 12. Rd1 Bb7 13. f3 Bc6 14. Nc3 Qc7 15. Bg5
Nc8 16. exd5 exd5 17. Qh4 Nd6 18. Bf4 Ne5 19. Bh6 Nxd3 20. Bxg7 Kxg7 21. Qd4+
Kg8 22. Rxd3 Nf5 23. Qf6 Rfe8 24. Nd4 Nxd4 25. Qxd4 Re5 26. Re3 Rxe3 27. Qxe3
Re8 28. Qd4 Bb7 29. Rd1 b5 30. a3 h5 31. Qf2 Qc4 32. Qb6 d4 33. Rxd4 Re1+ 34.
Kf2 Qf1+ 35. Kg3 Bxf3 36. Rd8+ Kh7 37. gxf3 h4+ 38. Kxh4 Qxf3 39. Rd3 g5+ 0-1

[Event "Magistral Femenino Benasque"]
[Site "Benasque ESP"]
[Date "2005.07.07"]
[Round "2.3"]
[White "Arribas, Maritza"]
[Black "Bellin, Jana"]
[Result "1-0"]
[WhiteElo "2303"]
[BlackElo "2169"]
[PlyCount "103"]
[EventDate "2005.07.06"]
[EventType "tourn"]
[EventRounds "9"]
[EventCountry "ESP"]
[Source "lmi"]
[SourceDate "2005.07.13"]

1. e4 c5 2. Nf3 e6 3. c4 Nc6 4. Nc3 Nf6 5. Be2 a6 6. d4 cxd4 7. Nxd4 Bb4 8.
Nxc6 bxc6 9. O-O Bxc3 10. bxc3 Nxe4 11. Qd4 f5 12. Qxg7 Qf6 13. Bh5+ Kd8 14.
Bg5 Qxg5 15. Qxh8+ Kc7 16. Qe5+ d6 17. Qa5+ Kd7 18. Bd1 Rb8 19. f4 Qh4 20. Bb3
Bb7 21. Qb6 Qd8 22. Qd4 Qf6 23. c5 Qxd4+ 24. cxd4 d5 25. Bc2 Nc3 26. Rfe1 a5
27. Bd3 Bc8 28. Rac1 Nb5 29. Rb1 Kc7 30. Bxb5 cxb5 31. Re3 Kc6 32. Rg3 b4 33.
a3 Kb5 34. axb4 axb4 35. Rgb3 Kc4 36. c6 Rb6 37. Kf2 Rxc6 38. Rxb4+ Kd3 39. Kf3
Rc3 40. R1b3 Rxb3 41. Rxb3+ Kxd4 42. Rb8 Bd7 43. Rb7 Bc6 44. Rxh7 e5 45. fxe5
Kxe5 46. Re7+ Kd6 47. Re2 d4+ 48. Kf4 d3 49. Rd2 Be4 50. g4 Kd5 51. gxf5 Kd4
52. h4 1-0

[Event "Magistral Femenino Benasque"]
[Site "Benasque ESP"]
[Date "2005.07.07"]
[Round "2.4"]
[White "Peptan, Corina"]
[Black "Djingarova, Emilia"]
[Result "1-0"]
[WhiteElo "2411"]
[BlackElo "2277"]
[PlyCount "94"]
[EventDate "2005.07.06"]
[EventType "tourn"]
[EventRounds "9"]
[EventCountry "ESP"]
[Source "lmi"]
[SourceDate "2005.07.13"]

1. c4 Nf6 2. g3 e6 3. Bg2 d5 4. Nf3 dxc4 5. O-O Nbd7 6. Qa4 c6 7. Qxc4 b5 8.
Qc2 Bb7 9. d3 c5 10. a4 a6 11. Nc3 b4 12. Ne4 Be7 13. Ned2 O-O 14. a5 Bd6 15.
Nc4 Bc7 16. e4 h6 17. h3 Bc6 18. Be3 Rb8 19. Nfd2 Rb5 20. Nb3 e5 21. f3 Qe7 22.
Qf2 Ne8 23. f4 exf4 24. Bxf4 Bxf4 25. Qxf4 Rb7 26. Rf2 Bb5 27. Nbd2 Nc7 28. e5
Ne6 29. Qg4 Rc7 30. Raf1 Nd4 31. Qh5 Qe6 32. Kh2 Bc6 33. Ne4 Bd5 34. Rf6 Nxf6
35. exf6 Bxe4 36. Bxe4 gxf6 37. Ne3 f5 38. Nxf5 Nxf5 39. Rxf5 Re8 40. Qg4+ Qg6
41. Qf4 Rce7 42. h4 Qg7 43. Kh3 c4 44. Rf6 cxd3 45. Bxd3 Re6 46. Rxe6 Rxe6 47.
Qxb4 Kh8 1-0

[Event "Magistral Femenino Benasque"]
[Site "Benasque ESP"]
[Date "2005.07.07"]
[Round "2.5"]
[White "Kononenko, Tatiana"]
[Black "Repkova, Eva"]
[Result "1-0"]
[WhiteElo "2442"]
[BlackElo "2348"]
[PlyCount "55"]
[EventDate "2005.07.06"]
[EventType "tourn"]
[EventRounds "9"]
[EventCountry "ESP"]
[Source "lmi"]
[SourceDate "2005.07.13"]

1. d4 d5 2. c4 e6 3. Nc3 Nf6 4. cxd5 exd5 5. Bg5 c6 6. e3 Qb6 7. Qd2 Ne4 8.
Nxe4 dxe4 9. a3 Be6 10. Ne2 Na6 11. Nc3 Qa5 12. d5 Bd7 13. Qd4 f6 14. Qxe4+ Kd8
15. dxc6 bxc6 16. Rd1 Nc5 17. Qxc6 Ke8 18. Bxf6 Rc8 19. Qf3 gxf6 20. Qxf6 Rg8
21. Bc4 Rg7 22. b4 Qb6 23. Nd5 Qxf6 24. Nxf6+ Ke7 25. Nd5+ Ke8 26. bxc5 Rxc5
27. Bb3 Be6 28. O-O 1-0

[Event "Magistral Femenino Benasque"]
[Site "Benasque ESP"]
[Date "2005.07.08"]
[Round "3.1"]
[White "Repkova, Eva"]
[Black "Cosma, Elena Luminita"]
[Result "1/2-1/2"]
[WhiteElo "2348"]
[BlackElo "2365"]
[PlyCount "26"]
[EventDate "2005.07.06"]
[EventType "tourn"]
[EventRounds "9"]
[EventCountry "ESP"]
[Source "lmi"]
[SourceDate "2005.07.13"]

1. e4 e6 2. b3 d5 3. Bb2 dxe4 4. Nc3 Nf6 5. Qe2 Bb4 6. O-O-O Qe7 7. Nxe4 Ba3 8.
Nxf6+ Qxf6 9. d4 Bxb2+ 10. Kxb2 O-O 11. Qe5 Qxe5 12. dxe5 Bd7 13. Nf3 Rd8
1/2-1/2

[Event "Magistral Femenino Benasque"]
[Site "Benasque ESP"]
[Date "2005.07.08"]
[Round "3.2"]
[White "Djingarova, Emilia"]
[Black "Kononenko, Tatiana"]
[Result "1/2-1/2"]
[WhiteElo "2277"]
[BlackElo "2442"]
[PlyCount "33"]
[EventDate "2005.07.06"]
[EventType "tourn"]
[EventRounds "9"]
[EventCountry "ESP"]
[Source "lmi"]
[SourceDate "2005.07.13"]

1. e4 e6 2. d4 d5 3. Nd2 c5 4. Ngf3 cxd4 5. Nxd4 Nf6 6. exd5 Qxd5 7. Nb5 Na6 8.
c4 Qf5 9. a3 Bd7 10. Qf3 Qxf3 11. Nxf3 Bxb5 12. cxb5 Nc5 13. Bc4 Bd6 14. O-O
Ke7 15. a4 a5 16. bxa6 Nxa6 17. b3 1/2-1/2

[Event "Magistral Femenino Benasque"]
[Site "Benasque ESP"]
[Date "2005.07.08"]
[Round "3.3"]
[White "Bellin, Jana"]
[Black "Peptan, Corina"]
[Result "1/2-1/2"]
[WhiteElo "2169"]
[BlackElo "2411"]
[PlyCount "62"]
[EventDate "2005.07.06"]
[EventType "tourn"]
[EventRounds "9"]
[EventCountry "ESP"]
[Source "lmi"]
[SourceDate "2005.07.13"]

1. d4 Nf6 2. Nf3 e6 3. c4 b6 4. g3 Ba6 5. b3 Bb7 6. Bg2 c5 7. O-O cxd4 8. Nxd4
Bxg2 9. Kxg2 d5 10. cxd5 Qxd5+ 11. Nf3 Nc6 12. Nc3 Qa5 13. Bb2 Be7 14. Qd3 O-O
15. Rac1 Nb4 16. Qb1 h6 17. a3 Nbd5 18. b4 Qa6 19. Nxd5 Nxd5 20. e4 Nf6 21. Rc7
Bd8 22. Rc6 Qb7 23. b5 a6 24. a4 axb5 25. axb5 Ra5 26. Bxf6 Bxf6 27. e5 Be7 28.
Qc2 Ra3 29. Rd1 Rfa8 30. Rc3 Ra2 31. Qc1 R8a7 1/2-1/2

[Event "Magistral Femenino Benasque"]
[Site "Benasque ESP"]
[Date "2005.07.08"]
[Round "3.4"]
[White "Lujan, Maria Carolina"]
[Black "Arribas, Maritza"]
[Result "1-0"]
[WhiteElo "2323"]
[BlackElo "2303"]
[PlyCount "114"]
[EventDate "2005.07.06"]
[EventType "tourn"]
[EventRounds "9"]
[EventCountry "ESP"]
[Source "lmi"]
[SourceDate "2005.07.13"]

1. e4 e6 2. d3 d5 3. Qe2 dxe4 4. dxe4 e5 5. Nf3 Nc6 6. c3 Nf6 7. Bg5 h6 8. Bh4
Bd6 9. Nbd2 Qe7 10. Nc4 Be6 11. Qc2 a6 12. Be2 g5 13. Bg3 Nd7 14. Rd1 Bxc4 15.
Bxc4 Nb6 16. Be2 Qe6 17. b3 Be7 18. Nd2 Rd8 19. Nf1 Rxd1+ 20. Qxd1 Bf6 21. Ne3
Ne7 22. a4 Qc6 23. Qd3 Nd7 24. Qc4 Qxc4 25. Bxc4 Ng6 26. f3 Nb6 27. Bf1 Nf4 28.
Bf2 Be7 29. g3 Ne6 30. a5 Nd7 31. b4 Ng7 32. Bh3 c5 33. Nd5 Ne6 34. Ke2 Bd8 35.
Rd1 h5 36. Bf5 Nb8 37. Kd3 Nc6 38. Kc4 cxb4 39. cxb4 Ncd4 40. Bxd4 Nxd4 41. Bc8
Nxf3 42. Bxb7 Rh6 43. b5 axb5+ 44. Kxb5 Bxa5 45. Kxa5 Nxh2 46. Ne3 Nf3 47. Nf5
Rf6 48. Rd5 h4 49. Ba6 Nd4 50. Rxe5+ Re6 51. Rd5 Nc6+ 52. Ka4 Rxe4+ 53. Kb5 Nb4
54. Rd1 Re5+ 55. Kxb4 Rxf5 56. Bc8 Rf3 57. g4 h3 1-0

[Event "Magistral Femenino Benasque"]
[Site "Benasque ESP"]
[Date "2005.07.08"]
[Round "3.5"]
[White "Collas, Silvia"]
[Black "Vega Gutierrez, Sabrina Neide"]
[Result "1-0"]
[WhiteElo "2372"]
[BlackElo "2262"]
[PlyCount "121"]
[EventDate "2005.07.06"]
[EventType "tourn"]
[EventRounds "9"]
[EventCountry "ESP"]
[Source "lmi"]
[SourceDate "2005.07.13"]

1. Nf3 d5 2. d4 c6 3. c4 e6 4. Qc2 dxc4 5. Qxc4 Nf6 6. Bg5 Be7 7. e3 b6 8. Nbd2
Ba6 9. Qc2 Bxf1 10. Nxf1 O-O 11. Ng3 Nd5 12. Bxe7 Qxe7 13. O-O c5 14. dxc5 Rc8
15. e4 Nf6 16. e5 Nd5 17. Ne4 Nd7 18. Rad1 h6 19. c6 Nc5 20. Nd6 Rxc6 21. Rxd5
exd5 22. b4 Rxd6 23. exd6 Qe4 24. Qc3 Ne6 25. Qc6 Rd8 26. Rd1 Nf4 27. Re1 Qg6
28. Re8+ Kh7 29. g3 Nh3+ 30. Kf1 Rxe8 31. Qxe8 Qxd6 32. Qxf7 Ng5 33. Qf5+ Kg8
34. Nd4 Qxb4 35. Qxd5+ Kh8 36. h4 Qb1+ 37. Kg2 Qe4+ 38. Qxe4 Nxe4 39. Kf3 Nc3
40. a3 b5 41. Ke3 a5 42. Nc2 Kg8 43. Kd4 Nd1 44. f3 Kf7 45. Kc5 Nc3 46. Nd4 b4
47. axb4 axb4 48. Kxb4 Nd5+ 49. Kc5 Ne3 50. h5 Kf6 51. Ne2 Kg5 52. Kd4 Nc2+ 53.
Kd3 Ne1+ 54. Ke4 Nc2 55. g4 Ne1 56. Nd4 Ng2 57. Ke5 Ne1 58. Ne6+ Kh4 59. Kf4
Nd3+ 60. Kf5 Ne1 61. Nd4 1-0

[Event "Magistral Femenino Benasque"]
[Site "Benasque ESP"]
[Date "2005.07.09"]
[Round "4.1"]
[White "Cosma, Elena Luminita"]
[Black "Vega Gutierrez, Sabrina Neide"]
[Result "1-0"]
[WhiteElo "2365"]
[BlackElo "2262"]
[PlyCount "54"]
[EventDate "2005.07.06"]
[EventType "tourn"]
[EventRounds "9"]
[EventCountry "ESP"]
[Source "lmi"]
[SourceDate "2005.07.13"]

1. d4 d5 2. c4 e6 3. Nf3 Nf6 4. g3 Be7 5. Bg2 O-O 6. O-O dxc4 7. Qc2 a6 8. Qxc4
b5 9. Qc2 Bb7 10. Bd2 Be4 11. Qc1 Bb7 12. Bf4 Bd6 13. Nc3 Nbd7 14. Rd1 Rc8 15.
Ne5 Bxg2 16. Kxg2 Nb6 17. Bg5 c5 18. Ng4 Nbd5 19. Nxd5 exd5 20. Bxf6 gxf6 21.
Qh6 Be7 22. Ne3 Qd7 23. Qh3 Rfd8 24. dxc5 d4 25. Nf5 Bxc5 26. Qg4+ Kf8 27. Qe4
Qb7 1-0

[Event "Magistral Femenino Benasque"]
[Site "Benasque ESP"]
[Date "2005.07.09"]
[Round "4.2"]
[White "Arribas, Maritza"]
[Black "Collas, Silvia"]
[Result "1/2-1/2"]
[WhiteElo "2303"]
[BlackElo "2372"]
[PlyCount "20"]
[EventDate "2005.07.06"]
[EventType "tourn"]
[EventRounds "9"]
[EventCountry "ESP"]
[Source "lmi"]
[SourceDate "2005.07.13"]

1. e4 c5 2. Nf3 e6 3. c3 Nf6 4. e5 Nd5 5. d4 cxd4 6. cxd4 d6 7. Nc3 Nxc3 8.
bxc3 Qc7 9. Bd2 Nd7 10. exd6 Bxd6 1/2-1/2

[Event "Magistral Femenino Benasque"]
[Site "Benasque ESP"]
[Date "2005.07.09"]
[Round "4.3"]
[White "Peptan, Corina"]
[Black "Lujan, Maria Carolina"]
[Result "1-0"]
[WhiteElo "2411"]
[BlackElo "2323"]
[PlyCount "89"]
[EventDate "2005.07.06"]
[EventType "tourn"]
[EventRounds "9"]
[EventCountry "ESP"]
[Source "lmi"]
[SourceDate "2005.07.13"]

1. e4 c5 2. Nf3 e6 3. d4 cxd4 4. Nxd4 Nf6 5. Nc3 Nc6 6. Ndb5 d6 7. Bf4 e5 8.
Bg5 a6 9. Na3 b5 10. Nd5 Be7 11. Bxf6 Bxf6 12. c3 Bg5 13. Nc2 O-O 14. a4 bxa4
15. Rxa4 a5 16. Bc4 Rb8 17. Ra2 Be6 18. O-O Kh8 19. Nce3 g6 20. Qa4 Qc8 21. b3
f5 22. exf5 gxf5 23. f4 Bh6 24. Raf2 Bg7 25. Qa2 Qd7 26. Qc2 Qa7 27. Kh1 e4 28.
Rd1 Rfc8 29. Re2 Ne7 30. Qa2 Nxd5 31. Nxd5 a4 32. bxa4 Bxd5 33. Bxd5 Rxc3 34.
h3 Qc5 35. Be6 Rc1 36. Qd2 Rxd1+ 37. Qxd1 Re8 38. Rc2 Qa5 39. Qh5 Rf8 40. Rc8
Rxc8 41. Bxc8 Qxa4 42. Bxf5 h6 43. Qg6 Kg8 44. Qe6+ Kf8 45. Bg6 1-0

[Event "Magistral Femenino Benasque"]
[Site "Benasque ESP"]
[Date "2005.07.09"]
[Round "4.5"]
[White "Repkova, Eva"]
[Black "Djingarova, Emilia"]
[Result "1-0"]
[WhiteElo "2348"]
[BlackElo "2277"]
[PlyCount "62"]
[EventDate "2005.07.06"]
[EventType "tourn"]
[EventRounds "9"]
[EventCountry "ESP"]
[Source "lmi"]
[SourceDate "2005.07.13"]

1. e4 c5 2. b3 a6 3. Bb2 Nc6 4. Nc3 e6 5. f4 d5 6. e5 Nh6 7. Nf3 Be7 8. Qe2 Nf5
9. O-O-O Nfd4 10. Qf2 Qa5 11. Kb1 Nb4 12. Nxd4 cxd4 13. Qxd4 Bd7 14. Qe3 Rc8
15. a3 Nc6 16. b4 Qc7 17. Qd3 O-O 18. Ne2 f6 19. exf6 Bxf6 20. Qf3 Ne7 21. g3
Nf5 22. Rc1 Kh8 23. Bg2 a5 24. b5 Qc4 25. g4 Nd4 26. Qf1 e5 27. f5 e4 28. Nc3
Be7 29. a4 Nxc2 30. Qxc4 Rxc4 31. Rxc2 b6 1-0

[Event "Magistral Femenino Benasque"]
[Site "Benasque ESP"]
[Date "2005.07.10"]
[Round "5.1"]
[White "Djingarova, Emilia"]
[Black "Cosma, Elena Luminita"]
[Result "1/2-1/2"]
[WhiteElo "2277"]
[BlackElo "2365"]
[PlyCount "25"]
[EventDate "2005.07.06"]
[EventType "tourn"]
[EventRounds "9"]
[EventCountry "ESP"]
[Source "lmi"]
[SourceDate "2005.07.13"]

1. e4 e6 2. d4 d5 3. Nd2 c5 4. Ngf3 Nf6 5. e5 Ne4 6. c3 Nxd2 7. Bxd2 Nc6 8.
dxc5 Bxc5 9. b4 Bb6 10. Bd3 h6 11. O-O a6 12. Qe2 Bd7 13. a3 1/2-1/2

[Event "Magistral Femenino Benasque"]
[Site "Benasque ESP"]
[Date "2005.07.10"]
[Round "5.2"]
[White "Bellin, Jana"]
[Black "Repkova, Eva"]
[Result "1/2-1/2"]
[WhiteElo "2169"]
[BlackElo "2348"]
[PlyCount "66"]
[EventDate "2005.07.06"]
[EventType "tourn"]
[EventRounds "9"]
[EventCountry "ESP"]
[Source "lmi"]
[SourceDate "2005.07.13"]

1. d4 d5 2. c4 e6 3. cxd5 exd5 4. Nc3 Nf6 5. Bg5 c6 6. e3 Qb6 7. Qd2 Ne4 8.
Nxe4 dxe4 9. a3 Be6 10. Ne2 Nd7 11. Nc3 h6 12. Bh4 f5 13. Be2 Bf7 14. O-O Bd6
15. b4 O-O 16. Bg3 Bxg3 17. hxg3 Nf6 18. Rfe1 Qd8 19. Na4 a6 20. Qc2 Kh8 21.
Qc5 Nd5 22. Nb2 Qg5 23. Nc4 Bh5 24. Bxh5 Qxh5 25. Nb6 Nxb6 26. Qxb6 Rf7 27. Ra2
Rd7 28. Rc2 Qf7 29. Rc5 Rad8 30. Qa5 g6 31. Re2 h5 32. a4 Qf6 33. b5 cxb5
1/2-1/2

[Event "Magistral Femenino Benasque"]
[Site "Benasque ESP"]
[Date "2005.07.10"]
[Round "5.3"]
[White "Lujan, Maria Carolina"]
[Black "Kononenko, Tatiana"]
[Result "0-1"]
[WhiteElo "2323"]
[BlackElo "2416"]
[PlyCount "100"]
[EventDate "2005.07.06"]
[EventType "tourn"]
[EventRounds "9"]
[EventCountry "ESP"]
[Source "lmi"]
[SourceDate "2005.07.13"]

1. e4 e6 2. d4 d5 3. Nd2 c5 4. exd5 exd5 5. Ngf3 Nf6 6. Bb5+ Bd7 7. Bxd7+ Nbxd7
8. O-O Be7 9. dxc5 Nxc5 10. Nb3 Nce4 11. Nfd4 Qd7 12. f3 Nd6 13. Nc5 Qc7 14.
Nd3 O-O 15. b3 Rad8 16. Be3 Rfe8 17. Qd2 a5 18. Qf2 a4 19. Qg3 Qc3 20. Qe1 Qc8
21. Qa5 Nc4 22. bxc4 dxc4 23. Nf2 Bc5 24. Nc6 Rd5 25. Bxc5 Qxc6 26. Rfe1 Rxc5
27. Rxe8+ Nxe8 28. Qa8 b5 29. Qb8 Qc8 30. Qb6 Rd5 31. Re1 h6 32. Ne4 Qd8 33.
Qxd8 Rxd8 34. Rb1 Nc7 35. h3 f5 36. Nc3 Rd2 37. Nxb5 Nd5 38. Re1 Nf4 39. Re8+
Kh7 40. Rc8 Rxg2+ 41. Kf1 Rxc2 42. Nd6 Rxa2 43. h4 Kg6 44. Rxc4 Nd3 45. h5+
Kxh5 46. Nxf5 Kg6 47. Nd4 Rf2+ 48. Kg1 a3 49. Rc3 a2 50. Ra3 Rb2 0-1

[Event "Magistral Femenino Benasque"]
[Site "Benasque ESP"]
[Date "2005.07.11"]
[Round "5.4"]
[White "Collas, Silvia"]
[Black "Peptan, Corina"]
[Result "1-0"]
[WhiteElo "2372"]
[BlackElo "2411"]
[PlyCount "81"]
[EventDate "2005.07.06"]
[EventType "tourn"]
[EventRounds "9"]
[EventCountry "ESP"]
[Source "lmi"]
[SourceDate "2005.07.13"]

1. Nf3 c5 2. c4 g6 3. e4 Bg7 4. d4 cxd4 5. Nxd4 Qb6 6. Nb3 Nc6 7. Be2 d6 8. O-O
Be6 9. Be3 Qc7 10. Qd2 Ne5 11. Rc1 Nf6 12. f3 O-O 13. Nd4 Bd7 14. Nc3 Rfc8 15.
b3 Qa5 16. Rab1 a6 17. b4 Qd8 18. c5 Be8 19. Nb3 dxc5 20. Qxd8 Rxd8 21. bxc5
Nc6 22. Na4 Nd7 23. Kf2 f6 24. Nd2 Rab8 25. Nc4 Bf7 26. Rd1 Bf8 27. Rd2 Kg7 28.
Rdb2 Nde5 29. Nxe5 Nxe5 30. Rxb7 Rxb7 31. Rxb7 Be8 32. Nb6 Nd3+ 33. Kg3 f5 34.
exf5 gxf5 35. Bxd3 Rxd3 36. Bg5 Kf7 37. Nc4 Rd8 38. c6 h6 39. Bf4 Bg7 40. c7
Rc8 41. Nb6 1-0

[Event "Magistral Femenino Benasque"]
[Site "Benasque ESP"]
[Date "2005.07.10"]
[Round "5.5"]
[White "Vega Gutierrez, Sabrina Neide"]
[Black "Arribas, Maritza"]
[Result "1/2-1/2"]
[WhiteElo "2262"]
[BlackElo "2303"]
[PlyCount "104"]
[EventDate "2005.07.06"]
[EventType "tourn"]
[EventRounds "9"]
[EventCountry "ESP"]
[Source "lmi"]
[SourceDate "2005.07.13"]

1. e4 e6 2. d4 d5 3. Nc3 dxe4 4. Nxe4 Nd7 5. Nf3 Ngf6 6. Nxf6+ Nxf6 7. c3 c5 8.
Ne5 a6 9. Bg5 Be7 10. dxc5 Qxd1+ 11. Rxd1 Bxc5 12. b4 Be7 13. Be2 Nd5 14. Bxe7
Kxe7 15. Bf3 Nxc3 16. Bxb7 Nxd1 17. Bxa8 Nc3 18. Kd2 Nxa2 19. Rb1 Bd7 20. Bc6
Bxc6 21. Nxc6+ Kd6 22. Nd4 Rb8 23. b5 axb5 24. Rb2 Ra8 25. Rxb5 Ra4 26. Nc2 Rc4
27. Rb2 Nc3 28. Rb7 Ne4+ 29. Kd3 Nc5+ 30. Kxc4 Nxb7 31. Ne3 Ke5 32. Kd3 Nd6 33.
Ke2 Ke4 34. Nc2 Nf5 35. f3+ Kd5 36. Kd3 Nh4 37. Ne3+ Kd6 38. Ke2 Ng6 39. Kd3
Nf4+ 40. Kd4 f5 41. g3 Nd5 42. Nc4+ Ke7 43. f4 Nf6 44. Nd2 Ng4 45. Nf3 Kf6 46.
h3 Nf2 47. Ng1 h6 48. Ke3 Ne4 49. g4 Nc3 50. Kf3 g5 51. fxg5+ hxg5 52. gxf5
exf5 1/2-1/2

[Event "Magistral Femenino Benasque"]
[Site "Benasque ESP"]
[Date "2005.07.10"]
[Round "6.1"]
[White "Cosma, Elena Luminita"]
[Black "Arribas, Maritza"]
[Result "1-0"]
[WhiteElo "2365"]
[BlackElo "2303"]
[PlyCount "65"]
[EventDate "2005.07.06"]
[EventType "tourn"]
[EventRounds "9"]
[EventCountry "ESP"]
[Source "lmi"]
[SourceDate "2005.07.13"]

1. d4 Nf6 2. Nf3 g6 3. g3 Bg7 4. Bg2 O-O 5. O-O d6 6. a4 c5 7. dxc5 dxc5 8. a5
Na6 9. Nc3 Nb4 10. Be3 Qc7 11. Bf4 Qd7 12. Qc1 Qf5 13. a6 Qe6 14. Ng5 Qb6 15.
axb7 Bxb7 16. Na4 Qa6 17. Nxc5 Qxe2 18. Bxb7 Rad8 19. Bf3 Qc4 20. Nb7 Rd7 21.
Na5 Qxc2 22. Nc6 Qxc1 23. Bxc1 Nxc6 24. Bxc6 Rc7 25. Bg2 Ng4 26. h3 Nh6 27. Bf4
e5 28. Be3 Rb8 29. Rfc1 Rxc1+ 30. Bxc1 Nf5 31. Bd5 Nd4 32. Bxf7+ Kh8 33. Bc4
1-0

[Event "Magistral Femenino Benasque"]
[Site "Benasque ESP"]
[Date "2005.07.10"]
[Round "6.2"]
[White "Peptan, Corina"]
[Black "Vega Gutierrez, Sabrina Neide"]
[Result "1-0"]
[WhiteElo "2411"]
[BlackElo "2262"]
[PlyCount "55"]
[EventDate "2005.07.06"]
[EventType "tourn"]
[EventRounds "9"]
[EventCountry "ESP"]
[Source "lmi"]
[SourceDate "2005.07.13"]

1. e4 c5 2. Nf3 Nc6 3. Bb5 e6 4. Bxc6 bxc6 5. Qe2 Ne7 6. d3 Qc7 7. O-O Ng6 8.
e5 f6 9. exf6 gxf6 10. c4 Kf7 11. Nc3 d5 12. Ne1 Bd6 13. Qh5 Bf4 14. g3 Qe5 15.
Qf3 Bxc1 16. Rxc1 Rg8 17. Ng2 Qd4 18. Rfd1 Bd7 19. Rc2 Rac8 20. Kh1 Ke7 21. Ne3
Ne5 22. Qe2 Kf7 23. Qh5+ Ng6 24. Ng4 dxc4 25. dxc4 Qxc4 26. Rxd7+ Ke8 27. Nxf6+
Kf8 28. Qh6+ 1-0